LEADER 01875nam a2200337 u 4500 001 000000029908 003 CaOOAMICUS 005 20070226111953.0 008 970705s1997 it c u000 u ita u 020 $a88-343-0860-3 035 $a10766565 040 $aBAV$bita$dPUL(R) 100 1 $aPato?ka, Jan,$d1907-1977.$0(OLS)http://pul/name/24175 240 10$aPla&AGton a Europa.$0(OLS)http://pul/title/41012 245 10$aPlatone e l'Europa /$cJan Pato?ka ; prefazione e introduzione di Giovanni Reale ; traduzione di Martin Cajthaml e Giuseppe Girgenti ; con in appendice una nota biografica su Pato?ka di Martin Cajthaml e una bibliografia delle opere di Pato?ka di Ivan Chvatík. 260 $a[Milano] :$bVita e pensiero,$c[1997] 300 $a343 p. :$bant. (ritr.) ;$c22 cm 490 1 $aPubblicazioni del Centro di ricerche di metafisica.$aCollana Temi metafisici e problemi del pensiero antico ;$v55 504 $a"Bibliografia generale": p. [267]-338. 650 4$aPlatonismo$xCritica e interpretazione.$0(OLS)http://pul/subject/15796 700 1 $aReale, Giovanni,$d1931-2014.$0(OLS)http://pul/name/667 700 1 $aChvatík, Ivan.$0(OLS)http://pul/name/24177 700 1 $aGirgenti, Giuseppe.$0(OLS)http://pul/name/14005 700 1 $aCajthaml, Martin.$0(OLS)http://pul/name/24176 830 0$aPubblicazioni del Centro di ricerche di metafisica.$pCollana Temi metafisici e problemi del pensiero antico ;$v55.$0(OLS)http://pul/title/828 850 $aPUL 852 $aPUL$W1$xSL Filosofia 2$y80$mPhil A10b 55$j41354$nBK-PRI$b $qStampati altre collocazioni$B41354$CPULBib$Z2$F41354 $H $81 941 1 $a10 996 $6020$a88-343-0860-3$9(OLS)http://pul/number/37561 996 $6245$aPlatone e l'Europa$9(OLS)http://pul/title/41013 996 $6260$a[Milano] :$bVita e pensiero$9(OLS)http://pul/publisher/49109 LEADER 01571nam a2200373 u 4500 001 000000068651 003 CaOOAMICUS 005 20070226121824.0 008 020315c19711987it u000 u ita u 020 $a8802014264 035 $a10924046 040 $aPUL(R)$bita 100 1 $aPareto, Vilfredo,$d1848-1923.$0(OLS)http://pul/name/4281 245 10$aCorso di economia politica /$cdi Vilfredo Pareto ; a cura di Giuseppe Palomba ; nota biografica e nota bibliografica a cura di Giovanni Busino. 260 $aTorino :$bUTET,$c1987. 300 $a1115 p. ;$c24 cm 490 1 $aClassici dell'economia 490 1 $aClassici UTET 500 $aContiene indici. 500 $aCollana diretta da Giuseppe Di Nardi. 504 $aBibliografia: p. 71-121 e in nota. 650 4$aEconomia.$0(OLS)http://pul/subject/1893 650 4$aEconomia politica.$0(OLS)http://pul/subject/7140 700 1 $aBusino, Giovanni.$0(OLS)http://pul/name/8146 700 1 $aPalomba, Giuseppe.$0(OLS)http://pul/name/45656 830 0$aClassici UTET.$0(OLS)http://pul/title/1243 830 0$aClassici dell'Economia (UTET).$0(OLS)http://pul/title/78245 850 $aPUL 852 $aPUL$W1$xSL Religione 2$y84$mRH F4 19$j88765$nBK-PRI$b $qStampati altre collocazioni$B88765$CPULBib$Z2$F88765 $H $81 941 1 $a10 961 $aINV: 68800 996 $6020$a8802014264$9(OLS)http://pul/number/88988 996 $6245$aCorso di economia politica$9(OLS)http://pul/title/60656 996 $6260$aTorino :$bUTET$9(OLS)http://pul/publisher/48088